Littérature - Lauréats du prix Renaudot. - Statistiques

Statistiques générales
  • Ce quiz a été pris 17 fois
    14 depuis la dernière actualisation
  • Le résultat moyen est 17 sur 100
Statistiques - réponses
HINT HINT ANSWER % Correct
1932 Voyage au bout de la nuit Louis-Ferdinand Céline
88%
2019 La Panthère des neiges Sylvain Tesson
88%
2009 Un roman français Frédéric Beigbeder
75%
1965 Les Choses Georges Perec
75%
1936 Les Beaux Quartiers Louis Aragon
75%
1957 La Modification Michel Butor
75%
1984 La Place Annie Ernaux
63%
2007 Chagrin d'école Daniel Pennac
63%
2014 Charlotte David Foenkinos
63%
2011 Limonov Emmanuel Carrère
63%
2004 Suite française Irène Némirovsky
63%
1985 Mes nuits sont plus belles que vos jours Raphaële Billetdoux
63%
2006 Mémoires de porc-épic Alain Mabanckou
50%
1946 L'Univers concentrationnaire David Rousset
50%
2015 D'après une histoire vraie Delphine de Vigan
50%
1963 Le Procès-verbal J. M. G. Le Clézio
50%
1929 La Table-aux-crevés Marcel Aymé
50%
2010 Apocalypse Bébé Virginie Despentes
50%
2013 Naissance Yann Moix
50%
2021 Premier Sang Amélie Nothomb
38%
1958 La Lézarde Édouard Glissant
38%
2024 Jacaranda Gaël Faye
38%
1964 L'Écluse Jean-Pierre Faye
38%
1949 Le Jeu de patience Louis Guilloux
38%
1988 Hadriana dans tous mes rêves René Depestre
38%
2012 Notre-Dame du Nil Scholastique Mukasonga
38%
1973 La Terrasse des Bernardini Suzanne Prou
38%
1968 Le Devoir de violence Yambo Ouologuem
38%
1999 L'Enfant léopard Daniel Picouly
13%
1935 Jours sans gloire François de Roux
13%
1992 La Démence du boxeur François Weyergans
13%
1945 Le Mas Théotime Henri Bosco
13%
1940 La Vallée heureuse Jules Roy
13%
2020 Histoire du fils Marie-Hélène Lafon
13%
1976 L'Amour les yeux fermés Michel Henry
13%
2017 La Disparition de Josef Mengele Olivier Guez
13%
2003 Les Âmes grises Philippe Claudel
13%
1944 Les Amitiés particulières Roger Peyrefitte
13%
2022 Performance Simon Liberati
13%
2025 Je voulais vivre Adélaïde de Clermont-Tonnerre
0%
2000 Allah n'est pas obligé Ahmadou Kourouma
0%
1959 L'Expérience Albert Palle
0%
1960 Le Bonheur fragile Alfred Kern
0%
1977 Les Combattants du petit bonheur Alphonse Boudard
0%
1928 Le Joueur de triangle André Obey
0%
1956 Le Père André Perrin
0%
1943 J'étais médecin avec les chars André Soubiran
0%
2023 Les Insolents Ann Scott
0%
1926 Nicolo-Peccavi oul'Affaire Dreyfus à Carpentras Armand Lunel
0%
1927 Maïtena Bernard Nabonne
0%
1996 Un silence d'environ une demi-heure Boris Schreiber
0%
1953 La Dernière Innocence Célia Bertin
0%
1933 Le roi dort Charles Braibant
0%
1986 Station balnéaire Christian Giudicelli
0%
1972 La Nuit américaine Christopher Frank
0%
1978 L'Herbe à brûler Conrad Detrez
0%
1991 La Séparation Dan Franck
0%
1980 Les Portes de Gubbio Danièle Sallenave
0%
1998 Le Manuscrit de Port-Ébène Dominique Bona
0%
1974 Le Voyage à l'étranger Georges Borgeaud
0%
1955 Le Moissonneur d'épines Georges Govy
0%
1982 La Faculté des songes Georges-Olivier Châteaureynaud
0%
2002 Assam Gérard de Cortanze
0%
1930 Piège Germaine Beaumont
0%
1994 Comme ton père Guillaume Le Touze
0%
1952 L'Amour de rien Jacques Perry
0%
1947 Je vivrai l'amour des autres Jean Cayrol
0%
1990 Les Frères Romance Jean Colombier
0%
1970 Isabelle ou l'Arrière-saison Jean Freustié
0%
1975 L'Homme de sable Jean Joubert
0%
1939 Les Javanais Jean Malaquais
0%
1979 Affaires étrangères Jean-Marc Roberts
0%
1983 Avant-Guerre Jean-Marie Rouart
0%
1954 Le Passage Jean Reverzy
0%
1937 Mervale Jean Rogissart
0%
1966 La Bataille de Toulouse José Cabanis
0%
1934 Blanc Louis Francis
0%
2001 Céleste Martine Le Coz
0%
1969 Les Feux de la colère Max-Olivier Lacamp
0%
1981 La Nuit du décret Michel del Castillo
0%
1993 Les Corps célestes Nicolas Bréhal
0%
2005 Mes mauvaises pensées Nina Bouraoui
0%
1997 Les Voleurs de beauté Pascal Bruckner
0%
1995 Les Braban Patrick Besson
0%
1941 Quand le temps travaillait pour nous Paul Mousset
0%
1989 Les Comptoirs du Sud Philippe Doumenc
0%
1931 L'Innocent Philippe Hériat
0%
1948 Voyage aux horizons Pierre Fisson
0%
1938 Léonie la bienheureuse Pierre-Jean Launay
0%
1971 Le Sac du palais d'été Pierre-Jean Rémy
0%
1950 Les Orgues de l'enfer Pierre Molaine
0%
1987 L'Enfant halluciné René-Jean Clot
0%
1942 Les Liens de chaîne Robert Gaillard
0%
1951 Le Dieu nu Robert Margerit
0%
1961 Les Blés Roger Bordier
0%
1967 Le Monde tel qu'il est Salvat Etchart
0%
1962 Le Veilleur de nuit Simonne Jacquemard
0%
2008 Le Roi de Kahel Tierno Monénembo
0%
2018 Le Sillon Valérie Manteau
0%
2016 Babylone Yasmina Reza
0%
Aucun quiz correspondant
Distribution des résultats
% des personnes avec chaque résultat
Percentile par nombre de réponses
Votre historique - résultats
Vous n’avez pas pris ce quiz depuis la dernière actualisation